<?xml version="1.0" encoding="UTF-8"?>
<marc:record xmlns:marc="http://www.loc.gov/MARC21/slim">
   <marc:leader>00000nam a2200000 a 4500</marc:leader>
   <marc:datafield ind1="1" ind2=" " tag="100">
      <marc:subfield code="a">Werner, Ingrid</marc:subfield>
      <marc:subfield code="4">aut</marc:subfield>
      <marc:subfield code="e">Verfasser/-in</marc:subfield>
   </marc:datafield>
   <marc:datafield ind1=" " ind2=" " tag="653">
      <marc:subfield code="a">Regionalkrimi</marc:subfield>
   </marc:datafield>
   <marc:datafield ind1=" " ind2=" " tag="653">
      <marc:subfield code="a">Volksfest</marc:subfield>
   </marc:datafield>
   <marc:datafield ind1=" " ind2=" " tag="653">
      <marc:subfield code="a">Karpfhamer</marc:subfield>
   </marc:datafield>
   <marc:datafield ind1=" " ind2=" " tag="653">
      <marc:subfield code="a">Romantik</marc:subfield>
   </marc:datafield>
   <marc:datafield ind1=" " ind2=" " tag="653">
      <marc:subfield code="a">Katze</marc:subfield>
   </marc:datafield>
   <marc:datafield ind1=" " ind2=" " tag="653">
      <marc:subfield code="a">Softcover / Belletristik/Krimis</marc:subfield>
   </marc:datafield>
   <marc:datafield ind1=" " ind2=" " tag="653">
      <marc:subfield code="a">Thriller</marc:subfield>
   </marc:datafield>
   <marc:datafield ind1=" " ind2=" " tag="653">
      <marc:subfield code="a">Spionage</marc:subfield>
   </marc:datafield>
   <marc:datafield ind1=" " ind2=" " tag="653">
      <marc:subfield code="a">Krimis</marc:subfield>
   </marc:datafield>
   <marc:datafield ind1="0" ind2="0" tag="245">
      <marc:subfield code="a">Zicke, zacke, tot</marc:subfield>
   </marc:datafield>
   <marc:datafield ind1="0" ind2="0" tag="245">
      <marc:subfield code="b">Karin Schneiders dritter Fall</marc:subfield>
   </marc:datafield>
   <marc:datafield ind1="0" ind2="0" tag="245">
      <marc:subfield code="c">Ingrid Werner</marc:subfield>
   </marc:datafield>
   <marc:datafield ind1=" " ind2="1" tag="264">
      <marc:subfield code="a">Norderstedt</marc:subfield>
      <marc:subfield code="b">BoD – Books on Demand</marc:subfield>
      <marc:subfield code="c">2021</marc:subfield>
   </marc:datafield>
   <marc:datafield ind1=" " ind2=" " tag="250">
      <marc:subfield code="a">1. Auflage</marc:subfield>
   </marc:datafield>
   <marc:datafield ind1="1" ind2=" " tag="520">
      <marc:subfield code="a">Angaben aus der Verlagsmeldung

Zicke, zacke, tot : Karin Schneiders dritter Fall / von Ingrid Werner

Ein uriges Volksfest voller Intrigen, Erpressung, Mord - und die Ermittlerin sieht rosarot

Heilpraktikerin Karin Schneider glaubt nie und nimmer, dass sich ihre zugegebenermaßen durchgeknallte Patientin umbringen wollte. Schon bald findet sie ein Motiv für den Mord sowie mehrere Verdächtige, die sie zwischen Achterbahn, Schießbude und Bierzelt befragt. Hilfe bekommt sie vom Luftballonverkäufer Max und dem gutaussehenden Brauereibesitzer Georg, der ihr gehörig den Kopf verdreht. Gerade als sie glaubt, auf der richtigen Spur zu sein, geschieht der nächste Mord. Kann sich Karin auf die Mörderjagd konzentrieren oder übersieht sie vor lauter Verliebtheit das Wichtigste?

Zicke, zacke, tot: Der dritte Fall für Karin Schneider bietet bayrisch rustikales Volksfestvergnügen und feinsten Humor.

Ich bin keine Privatdetektivin!, schreie ich und lasse mich fallen. Aber die beiden Frauen sind kräftig, sie ziehen mich einfach wieder auf die Füße.
Der Dreckskerl, sagt Frau Ilzdorfer. Na, dann geben wir ihr was zu berichten.

Ein locker leichter Lesespaß, nicht nur für Rottaler
Feuilleton der Passauer Neue Presse zu Karpfhamer Katz

Achtung Neuauflage! Dieses Buch ist unter dem Titel Karpfhamer Katz schon im Emons Verlag erschienen.
</marc:subfield>
   </marc:datafield>
   <marc:datafield ind1=" " ind2=" " tag="020">
      <marc:subfield code="a">9783752662153</marc:subfield>
      <marc:subfield code="9">9783752662153</marc:subfield>
   </marc:datafield>
   <marc:datafield ind1=" " ind2=" " tag="020">
      <marc:subfield code="a">3752662158</marc:subfield>
      <marc:subfield code="9">3752662158</marc:subfield>
   </marc:datafield>
   <marc:datafield ind1=" " ind2=" " tag="041">
      <marc:subfield code="a">ger</marc:subfield>
   </marc:datafield>
   <marc:datafield ind1=" " ind2=" " tag="300">
      <marc:subfield code="a">340 Seiten</marc:subfield>
   </marc:datafield>
</marc:record>
